000 00320nam a2200133Ia 4500
008 260604s9999 xx 000 0 und d
020 _a9780241451946
082 _a808.3 BRY
100 _aBRYSON, BILL
_935287
245 0 _aA REALLY SHORT HISTORY OF NEARLY EVERYTHING
260 _bPEN
500 _aBryson
942 _cBK
999 _c8056
_d8056